| 000 | 01332nam a2200229Ia 4500 | ||
|---|---|---|---|
| 003 | Ost | ||
| 005 | 20260507075408.0 | ||
| 008 | 260507s9999||||xx |||||||||||||| ||und|| | ||
| 020 | _a13271899579 | ||
| 040 | _cfsecg | ||
| 041 | _aara | ||
| 082 | _a330 | ||
| 100 |
_aالكرخي، مجيد _eمؤلف |
||
| 245 | 0 |
_aإدارة الموارد البشرية / _c مجيد الكرخي |
|
| 260 |
_aعمان: _bدار المناهج للنشر والتوزيع, _c2013 |
||
| 300 |
_a272 صفحة؛ _bإيضاحات ؛ _c24 سم |
||
| 520 | _aمداخل الى الموارد البشرية، إستراتيجية الموارد البشرية، تحليل وتوصيف وتصميم الوظائف، تحديد الاحتياجات من الموارد البشرية، استقطاب الموارد البشرية وتقييم أداء العاملين، التدريب والتنمية الإدارية، تقييم الوظائف وهيكل الأجور والرواتب، الحوافز والمزايا ، المسار الوظيفي، إدارة الحركة الوظيفية، أنظمة الأمن والسلامة المهنية، انضباط الموظفين | ||
| 653 | _aإدارة -الموارد البشرية | ||
| 653 | _aإدارة الأفراد | ||
| 653 | _aالقوى العاملة | ||
| 942 | _cكتاب | ||
| 999 |
_c44333 _d44333 |
||